Central Library OPAC University of Rajshahi

Sedimentology and stratigraphy / (Record no. 75537)

MARC details
000 -LEADER
fixed length control field 00961nam a2200289 a 4500
001 - CONTROL NUMBER
control field 75537
003 - CONTROL NUMBER IDENTIFIER
rucl marc code BD-RjUL
005 - DATE AND TIME OF LATEST TRANSACTION
control field 20220726101206.0
008 - FIXED-LENGTH DATA ELEMENTS--GENERAL INFORMATION
fixed length control field 190421r20192009enkabe b 001 0 eng d
020 ## - INTERNATIONAL STANDARD BOOK NUMBER
International Standard Book Number 9788126560189
035 ## - SYSTEM CONTROL NUMBER
System control number (OCoLC)ocn259754358
System control number (BD-RjUL)75537
040 ## - CATALOGING SOURCE
Original cataloging agency DLC
Transcribing agency DLC
Modifying agency YDXCP
-- BWKUK
-- BWK
-- OCLCQ
-- CDX
-- DLC
-- BD-RjUL
Language of cataloging eng
041 ## - LANGUAGE CODE
Language code of text/sound track or separate title eng
082 00 - DEWEY DECIMAL CLASSIFICATION NUMBER
Edition number 22
Classification number 551.303
Author mark and year NIS 2019
100 1# - MAIN ENTRY--PERSONAL NAME
Personal name Nichols, Gary.
9 (RLIN) 231009
245 10 - TITLE STATEMENT
Title Sedimentology and stratigraphy /
Statement of responsibility, etc. Gary Nichols.
250 ## - EDITION STATEMENT
Edition statement 2nd ed.
260 ## - PUBLICATION, DISTRIBUTION, ETC. (IMPRINT)
Place of publication, distribution, etc. Chichester, UK ;
-- New Delhi :
Name of publisher, distributor, etc. Wiley-Blackwell,
Date of publication, distribution, etc. 2009 [Reprinted 2016, 2019]
300 ## - PHYSICAL DESCRIPTION
Pagination x, 419 p. :
Illustrations ill., maps, plans ;
Size 25 cm. +
Accompanying material 1 CD-ROM
504 ## - BIBLIOGRAPHY, ETC. NOTE
Bibliography, etc Includes bibliographical references (p. [398]-410) and index.
650 #0 - SUBJECT ADDED ENTRY--TOPICAL TERM
Topical term or geographic name as entry element Sedimentation and deposition.
9 (RLIN) 231010
Topical term or geographic name as entry element Geology, Stratigraphic.
9 (RLIN) 231011
942 ## - ADDED ENTRY ELEMENTS (KOHA)
Source of classification or shelving scheme Dewey Decimal Classification
Koha item type Books
Holdings
Lost status Source of classification or shelving scheme Damaged status Not for loan Permanent Location Current Location Shelving location Date acquired Source of acquisition Cost, normal purchase price Total Checkouts Full call number Date last seen Copy number Koha item type Date checked out
  Dewey Decimal Classification   Not For Loan Central Library, University of Rajshahi Central Library, University of Rajshahi Reading Room 10/04/2019 Orbital International, Dhaka 1281.15   551.303 NIS 2016 23/04/2019 C-1 Books  
  Dewey Decimal Classification     Central Library, University of Rajshahi Central Library, University of Rajshahi   10/04/2019 Orbital International, Dhaka 1281.15 1 551.303 NIS 2016 12/05/2024 C-2 Books 23/04/2024
  Dewey Decimal Classification     Central Library, University of Rajshahi Central Library, University of Rajshahi   10/04/2019 Orbital International, Dhaka 1281.15   551.303 NIS 2016 23/04/2019 C-3 Books  
  Dewey Decimal Classification     Central Library, University of Rajshahi Central Library, University of Rajshahi   10/04/2019 Orbital International, Dhaka 1281.15   551.303 NIS 2016 23/04/2019 C-4 Books  
  Dewey Decimal Classification   Not For Loan Central Library, University of Rajshahi Central Library, University of Rajshahi Audio Visual Section 10/04/2019 Orbital International, Dhaka 1281.15   551.303 NIS 2016 23/04/2019 C-1 Audio Visual (AV) Materials  
  Dewey Decimal Classification     Central Library, University of Rajshahi Central Library, University of Rajshahi Audio Visual Section 10/04/2019 Orbital International, Dhaka 1281.15   551.303 NIS 2016 23/04/2019 C-2 Audio Visual (AV) Materials  
  Dewey Decimal Classification     Central Library, University of Rajshahi Central Library, University of Rajshahi Audio Visual Section 10/04/2019 Orbital International, Dhaka 1281.15   551.303 NIS 2016 23/04/2019 C-3 Audio Visual (AV) Materials  
  Dewey Decimal Classification     Central Library, University of Rajshahi Central Library, University of Rajshahi Audio Visual Section 10/04/2019 Orbital International, Dhaka 1281.15   551.303 NIS 2016 23/04/2019 C-4 Audio Visual (AV) Materials  
  Dewey Decimal Classification     Central Library, University of Rajshahi Central Library, University of Rajshahi General Stacks 12/05/2022 Dhaka: Book Finder 1555.28   551.303 NIS 2019 26/07/2022 C-5 Books  
  Dewey Decimal Classification     Central Library, University of Rajshahi Central Library, University of Rajshahi General Stacks 12/05/2022 Dhaka: Book Finder 1555.28   551.303 NIS 2019 26/07/2022 C-6 Books  
  Dewey Decimal Classification     Central Library, University of Rajshahi Central Library, University of Rajshahi General Stacks 12/05/2022 Dhaka: Book Finder 1555.28   551.303 NIS 2019 26/07/2022 C-7 Books  
  Dewey Decimal Classification     Central Library, University of Rajshahi Central Library, University of Rajshahi General Stacks 12/05/2022 Dhaka: Book Finder 1555.28   551.303 NIS 2019 26/07/2022 C-8 Books